000 01057nam2a22002411 4500
001 rc\3318505
005 20250609175659.0
035 _a(NLR Aleph) 007418515
090 _a6890959
_c6890959
100 _a20130115d1971 |||y0rusy50 ca
101 0 _arus
102 _aRU
105 _aa z |||||
200 1 _aМетаморфические толщи
210 _d1971
_aБ. м.
215 _a158 с., 6 вкл. л. ил.
_cил.
_d27
225 1 _a...
_vВып. 9
461 0 _1001rc\3318504
_12001#$aИльменогорский комплекс магматических и метаморфических пород$f[Отв. ред. Д.С. Штейнбер, В.Я. Левин]. Т. 1-$vТ. 1
_96890950
_cСвердловск
_d1971
_f[Отв. ред. Д.С. Штейнбер, В.Я. Левин]. Т. 1-
_nБ. и.
_tИльменогорский комплекс магматических и метаморфических пород
_vТ. 1
801 0 _aRU
_bNLR
_gpsbo
801 1 _aRU
_bELAR
_2rusmarc
852 _aNLR
_jП7/466
942 _cBOOK
980 _aNB